| 000 | 00664cab a2200205 4500 | ||
|---|---|---|---|
| 001 | ABS36819 | ||
| 008 | 090401t1986 xxu||||| |||| 00| 0 eng d | ||
| 035 | _a(Sirsi) u461 | ||
| 041 | _aeng | ||
| 100 | _aPowell-Smith, V. | ||
| 245 | _aJCT contracts at work | ||
| 260 | _c1986 | ||
| 350 | _a0 | ||
| 490 |
_aContract Journal _v333(5577) 4 September 1986,19(1) |
||
| 520 | _aDiscusses implied terms in JCT contracts , in the light of Stanley Hugh Leach Ltd v Merton London Borough Council ChD 20 December 1985. | ||
| 650 | _aBUILT ENVIRONMENT-BUILDING CONTRACT FORMS | ||
| 690 | _aBUILT ENVIRONMENT-BUILDING CONTRACT FORMS | ||
| 942 | _n0 | ||
| 948 | _c04/03/1997 | ||
| 999 |
_c196 _d196 |
||